Le Nouveau Sans Frontieres : t. III. Mé thode de Francais; Cahier d"Exercices /

Uloženo v:
Podrobná bibliografie
Hlavní autor: Girardet, Jacky
Další autoři: Cridlig, Jean Marie, Dominique, Philippe
Médium: Sách giấy
Jazyk:English
Vydáno: Paris : Clé International , 1994
Tagy: Přidat tag
Žádné tagy, Buďte první, kdo otaguje tento záznam!
Thư viện lưu trữ: Thư viện Trường Đại học Đà Lạt
LEADER 00738nam a2200277 4500
001 DLU020015941
005 ##10/19/2000
020 # # |a 978- 
041 # # |a eng 
082 # # |a 448  |b GI-J 
090 # # |a 448  |b GI-J 
100 # # |a Girardet, Jacky 
245 # # |a Le Nouveau Sans Frontieres :  |b t. III. Mé thode de Francais; Cahier d"Exercices /  |c Girardet Jacky, Cridlig Jean Marie, Dominique Philippe 
260 # # |a Paris :  |b Clé International ,  |c 1994 
300 # # |a 175 tr.;   |c 20 cm. 
700 # # |a Cridlig, Jean Marie 
700 # # |a Dominique, Philippe 
992 # # |a 9000 
994 # # |a DLU 
900 # # |a False 
911 # # |a Administrator 
925 # # |a G 
926 # # |a A 
927 # # |a SH 
980 # # |a Thư viện Trường Đại học Đà Lạt